[Event "DEN-chT 0607"]
[Site "Denmark"]
[Date "2007.01.28"]
[Round "6.8"]
[White "Petersen, Aage"]
[Black "Hornsgaard, Jens Boe"]
[Result "0-1"]
[WhiteElo "1953"]
[BlackElo "2076"]
[PlyCount "74"]
[EventDate "2006.11.04"]
[EventType "team-tourn"]
[EventRounds "9"]
[EventCountry "DEN"]
[SourceTitle "EXT 2023"]
[Source "ChessBase"]
[SourceDate "2022.10.05"]
[SourceVersion "1"]
[SourceVersionDate "2022.10.05"]
[SourceQuality "1"]
[WhiteTeam "Helsingor"]
[BlackTeam "Copenhagen K41"]
[WhiteTeamCountry "DEN"]
[BlackTeamCountry "DEN"]

1. d4 Nf6 2. Nf3 g6 3. Nc3 d5 4. Bf4 Bg7 5. e3 0-0 6. Be2 a6 7. Ne5 b6 8. h4 Bb7 9. h5 Nbd7 10. hxg6 hxg6 11. Bd3 Nxe5 12. Bxe5 Nd7 13. Qg4 Nxe5 14. Qh3 Nxd3+ 15. cxd3 Re8 16. Qh7+ Kf8 17. f4 c5 18. f5 Qd6 19. g4 cxd4 20. exd4 Bxd4 21. 0-0-0 Qf4+ 22. Kb1 Qxg4 23. Rh4 Qxf5 24. Rxd4 Qe5 25. Rf1 Qg7 26. Qh4 e5 27. Rg4 Rad8 28. Rf6 Kg8 29. Rxb6 Bc8 30. Rg3 e4 31. d4 Be6 32. Ne2 a5 33. Nf4 Qxd4 34. Rc6 Rc8 35. Rgc3 Rxc6 36. Rxc6 e3 37. Nxg6 Bf5+ 0-1

[Event "DEN-chT 0607"]
[Site "Denmark"]
[Date "2006.11.26"]
[Round "3.8"]
[White "Vestergaard, Andersen Peter"]
[Black "Petersen, Aage"]
[Result "1/2-1/2"]
[WhiteElo "1934"]
[BlackElo "1953"]
[PlyCount "50"]
[EventDate "2006.11.04"]
[EventType "team-tourn"]
[EventRounds "9"]
[EventCountry "DEN"]
[SourceTitle "EXT 2023"]
[Source "ChessBase"]
[SourceDate "2022.10.05"]
[SourceVersion "1"]
[SourceVersionDate "2022.10.05"]
[SourceQuality "1"]
[WhiteTeam "Nordkalotten"]
[BlackTeam "Helsingor"]
[WhiteTeamCountry "DEN"]
[BlackTeamCountry "DEN"]

1. e4 c6 2. d4 d5 3. e5 Bf5 4. Bd3 Bxd3 5. Qxd3 e6 6. Ne2 Qa5+ 7. c3 Qa6 8. Qxa6 Nxa6 9. Be3 Ne7 10. Nd2 Nf5 11. g4 Nh4 12. 0-0-0 c5 13. dxc5 Bxc5 14. Bd4 b5 15. Nb3 Rc8 16. Rd3 b4 17. Bxc5 Nxc5 18. Nxc5 Rxc5 19. Kb1 bxc3 20. Nxc3 h5 21. g5 Nf5 22. Ne2 Ke7 23. Rc1 Rxc1+ 24. Kxc1 Rc8+ 25. Kd2 g6 1/2-1/2

[Event "DEN-chT 0506"]
[Site "Denmark"]
[Date "2006.03.05"]
[Round "7.8"]
[White "Andersen, Peter Vestergaard"]
[Black "Petersen, Aage"]
[Result "1/2-1/2"]
[WhiteElo "1949"]
[BlackElo "1948"]
[PlyCount "33"]
[EventDate "2005.11.05"]
[EventType "team-tourn"]
[EventRounds "9"]
[EventCountry "DEN"]
[SourceTitle "EXT 2023"]
[Source "ChessBase"]
[SourceDate "2022.10.05"]
[SourceVersion "1"]
[SourceVersionDate "2022.10.05"]
[SourceQuality "1"]
[WhiteTeam "Nordkalotten"]
[BlackTeam "Helsingor"]
[WhiteTeamCountry "DEN"]
[BlackTeamCountry "DEN"]

1. e4 c6 2. d4 d5 3. e5 c5 4. c3 Nc6 5. Nf3 Bg4 6. Bb5 e6 7. Bxc6+ bxc6 8. dxc5 Bxf3 9. Qxf3 Bxc5 10. Qg3 Ne7 11. Bg5 Nf5 12. Bxd8 Nxg3 13. hxg3 Rxd8 14. Nd2 Rb8 15. b4 Be7 16. Nb3 Kd7 17. Ke2 1/2-1/2